000 00763nam a2200253Ia 4500
003 OSt
005 20220930082504.0
006 a|||||r|||| 00| 0
007 ta
008 220926b |||||||| |||| 00| 0 hin d
024 _a32,422
037 _cTheses
040 _aCRL
_cCRL
_bhin
041 _2hin
_ahin
100 _aPathik Jagdev
110 _aUniversity of Delhi. Faculty of Arts. Department of Hindi
245 0 _aReetikaleen reeti kavita par islaami sanskriti ka prabhav
260 _c1981
650 _aHINDI LITERATURE
_923866
700 _a Dr Mahender Kumar Supervisor
700 _aUniversity of Delhi. Faculty of Arts. Department of Hindi
942 _cDIS
_2CC
999 _c873266
_d873266